00825cam a22002411 450000100060000000300080000600500170001400800390003103500190007003500180008904000410010704100080014808200180015610000420017424500690021626000420028530000240032750400350035165000330038694200120041999900170043195201350044831848BD-RjUL20211209051745.0140422s1958 nyu b 001 0 eng a(BD-RjUL)31936 a(OCoLC)370628 aDLCcODaWUdOCoLCdDLCdBD-RjULbeng aeng a191bRIA 19581 aRiley, Woodbridge.d1869-1933.99357810aAmerican philosophy :bthe early schools /cby Woodbridge Riley. aNew York :bRussell & Russell,c1958. ax, 595 p. ;c22 cm. aIncludes bibliography & Index. 0aPhilosophy, American.996979 2ddccBK c31848d31848 00102ddc40708NFICaRUCLbRUCLcStackd1966-03-24eZeitlingerg68.00l0o191 RIA 1958r2014-04-22 00:00:00tC-2w2021-12-09yBK